Autobiography/ (Record no. 199951)

MARC details
000 -LEADER
fixed length control field 00681nam a22001937a 4500
005 - DATE AND TIME OF LATEST TRANSACTION
control field 20240112162409.0
010 ## - LCCN (DPL NO)
LC control number B-756979-982 ENG
020 ## - INTERNATIONAL STANDARD BOOK NUMBER
Terms of availability 995.00
International Standard Book Number 9781138370470
035 ## - SYSTEM CONTROL NUMBER
System control number B-756979-982
037 ## - SOURCE OF ACQUISITION
Source of stock number/acquisition Aakar Books
082 ## - DEWEY DECIMAL CLASSIFICATION NUMBER
Classification number 921
100 ## - MAIN ENTRY--PERSONAL NAME
Personal name Russell
245 ## - TITLE STATEMENT
Title Autobiography/
Statement of responsibility, etc Russell
260 ## - PUBLICATION, DISTRIBUTION, ETC. (IMPRINT)
Place of publication, distribution, etc New York
Name of publisher, distributor, etc Simultaneously pub.
Date of publication, distribution, etc 2018
270 ## - ADDRESS
City New York
Address 711 Third Avenue,
Postal code 10017
300 ## - PHYSICAL DESCRIPTION
Extent 746p.
Dimensions 22cm(Pbk)
942 ## - ADDED ENTRY ELEMENTS (KOHA)
Source of classification or shelving scheme Dewey Decimal Classification
Item type English Books
Classification part 921
Call number suffix Pan
Holdings
Withdrawn status Lost status Not for loan Collection code Home library Current library Date acquired Source of acquisition Cost, normal purchase price Full call number Barcode Copy number Cost, replacement price Koha item type
      Non-fiction Central Jail Tihar Central Jail Tihar 12/01/2024 Aakar Books/I-2188/11.12.23/23/23.11.23/14.12.23 995.00 921 Pan B-756981 1 995.00 English Books
      Non-fiction Central Library Central Library 12/01/2024 Aakar Books/I-2188/11.12.23/23/23.11.23/14.12.23 995.00 921 Pan B-756979 1 995.00 English Books
      Non-fiction Shahdara Branch Shahdara Branch 12/01/2024 Aakar Books/I-2188/11.12.23/23/23.11.23/14.12.23 995.00 921 Pan B-756982 1 995.00 English Books
      Non-fiction Tri Nagar Tri Nagar 12/01/2024 Aakar Books/I-2188/11.12.23/23/23.11.23/14.12.23 995.00 921 Pan B-756980 1 995.00 English Books

© Delhi Public Library
Hit Counter
free hit counter